The Vitamins. (Record no. 90576)
[ view plain ]
| 000 -LEADER | |
|---|---|
| fixed length control field | 00571cam a22002171 4500 |
| 001 - CONTROL NUMBER | |
| control field | sg 45000122 |
| 003 - CONTROL NUMBER IDENTIFIER | |
| control field | DLC |
| 005 - DATE AND TIME OF LATEST TRANSACTION | |
| control field | 20260227112745.0 |
| 008 - FIXED-LENGTH DATA ELEMENTS--GENERAL INFORMATION | |
| fixed length control field | 781109s1944 xx 000 0 eng |
| 010 ## - LIBRARY OF CONGRESS CONTROL NUMBER | |
| LC control number | sg 45000122 |
| 035 ## - SYSTEM CONTROL NUMBER | |
| System control number | (OCoLC)4360819 |
| 040 ## - CATALOGING SOURCE | |
| Original cataloging agency | DLC |
| Transcribing agency | TxLoL |
| Modifying agency | DLC |
| 042 ## - AUTHENTICATION CODE | |
| Authentication code | premarc |
| 050 00 - LIBRARY OF CONGRESS CALL NUMBER | |
| Classification number | QP801.V5 |
| Item number | B775 |
| 110 2# - MAIN ENTRY--CORPORATE NAME | |
| Corporate name or jurisdiction name as entry element | Burroughs Wellcome and Company. |
| 245 04 - TITLE STATEMENT | |
| Title | The Vitamins. |
| 260 ## - PUBLICATION, DISTRIBUTION, ETC. | |
| Place of publication, distribution, etc. | [New York] |
| Name of publisher, distributor, etc. | Burroughs Wellcome & Company, Inc. |
| Date of publication, distribution, etc. | c1944. |
| 300 ## - PHYSICAL DESCRIPTION | |
| Extent | 80 p. |
| Other physical details | 19 cm. |
| 504 ## - BIBLIOGRAPHY, ETC. NOTE | |
| Bibliography, etc. note | Bibliography : p. 72-76. |
| 650 #0 - SUBJECT ADDED ENTRY--TOPICAL TERM | |
| Topical term or geographic name entry element | Vitamins. |
No items available.